European Retail Research

সংরক্ষণ করুন:
গ্রন্থ-পঞ্জীর বিবরন
প্রধান লেখক: Morschett, Dirk
সংস্থা লেখক: SpringerLink (Online service)
অন্যান্য লেখক: Foscht, Thomas, Rudolph, Thomas, Schnedlitz, Peter, Schramm-Klein, Hanna, Swoboda, Bernhard
বিন্যাস: বৈদ্যুতিক বৈদ্যুতিন গ্রন্থ
ভাষা:ইংরেজি
প্রকাশিত: Wiesbaden : Gabler, 2011.
বিষয়গুলি:
অনলাইন ব্যবহার করুন:http://dx.doi.org/10.1007/978-3-8349-6235-5
ট্যাগগুলো: ট্যাগ যুক্ত করুন
কোনো ট্যাগ নেই, প্রথমজন হিসাবে ট্যাগ করুন!

MARC

LEADER 00000nam a22000005i 4500
001 0000054613
005 20171002052823.0
007 cr nn 008mamaa
008 110514s2011 gw | s |||| 0|eng d
020 |a 9783834962355  |9 978-3-8349-6235-5 
024 7 |a 10.1007/978-3-8349-6235-5  |2 doi 
035 |a 0000004699 
035 |a (DE-He213)978-3-8349-6235-5 
050 4 |a HD28-70 
072 7 |a KJM  |2 bicssc 
072 7 |a BUS041000  |2 bisacsh 
082 0 4 |a 650  |2 23 
100 1 |a Morschett, Dirk. 
245 1 0 |a European Retail Research  |h [electronic resource] /  |c edited by Dirk Morschett, Thomas Foscht, Thomas Rudolph, Peter Schnedlitz, Hanna Schramm-Klein, Bernhard Swoboda. 
260 |a Wiesbaden :  |b Gabler,  |c 2011. 
300 |b digital. 
650 0 |a Economics. 
650 0 |a Industrial management. 
650 1 4 |a Economics/Management Science. 
650 2 4 |a Management/Business for Professionals. 
700 1 |a Foscht, Thomas. 
700 1 |a Rudolph, Thomas. 
700 1 |a Schnedlitz, Peter. 
700 1 |a Schramm-Klein, Hanna. 
700 1 |a Swoboda, Bernhard. 
710 2 |a SpringerLink (Online service) 
773 0 |t Springer eBooks 
776 0 8 |i Printed edition:  |z 9783834930934 
856 4 0 |u http://dx.doi.org/10.1007/978-3-8349-6235-5 
908 |a 121203 
912 |a ZDB-2-SBE 
942 0 0 |c EB 
950 |a Business and Economics (Springer-11643) 
999 |c 47666  |d 47666